Future of HRD (Record no. 3584)

MARC details
000 -LEADER
fixed length control field 00315nam a2200145Ia 4500
008 - FIXED-LENGTH DATA ELEMENTS--GENERAL INFORMATION
fixed length control field 191201s2009 xx 000 0 und d
082 ## - DEWEY DECIMAL CLASSIFICATION NUMBER
Classification number 658.31
Item number RAF
100 ## - MAIN ENTRY--PERSONAL NAME
Personal name RAO, T V
245 #0 - TITLE STATEMENT
Title Future of HRD
250 ## - EDITION STATEMENT
Edition statement Rep.
260 ## - PUBLICATION, DISTRIBUTION, ETC. (IMPRINT)
Place of publication, distribution, etc N.Delhi
Name of publisher, distributor, etc Macmillan
Date of publication, distribution, etc 2009
300 ## - PHYSICAL DESCRIPTION
Extent 218
650 ## - SUBJECT ADDED ENTRY--TOPICAL TERM
Topical term or geographic name as entry element MBA
942 ## - ADDED ENTRY ELEMENTS (KOHA)
Source of classification or shelving scheme Dewey Decimal Classification
Koha item type Text Books
Holdings
Withdrawn status Lost status Source of classification or shelving scheme Damaged status Not for loan Collection code Home library Current library Date acquired Source of acquisition Cost, normal purchase price Bill Number Total Checkouts Full call number Acc. no. / Barcode Date last seen Bill Date Koha item type Date last borrowed
    Dewey Decimal Classification     MBA PIET C-LIBRARY PIET C-LIBRARY 07/11/2008 J B C, New Delhi 245.00 SI-4098   658.31 RAF 9975 04/12/2019 16/10/2008 Text Books  
    Dewey Decimal Classification     MBA PIET C-LIBRARY PIET C-LIBRARY 07/11/2008 J B C, New Delhi 245.00 SI-4098   658.31 RAF 9976 04/12/2019 16/10/2008 Text Books  
    Dewey Decimal Classification     MBA PIET C-LIBRARY PIET C-LIBRARY 07/11/2008 J B C, New Delhi 245.00 SI-4098 1 658.31 RAF 9977 18/11/2021 16/10/2008 Text Books 12/11/2021
    Dewey Decimal Classification     MBA PIET C-LIBRARY PIET C-LIBRARY 07/11/2008 J B C, New Delhi 245.00 SI-4098 1 658.31 RAF 9978 20/12/2021 16/10/2008 Text Books 10/12/2021

Design & Developed by: PIET Central Library
R70 Miles Stone Pattikalyana Samalkha Panipat 132102
mail ID :- [email protected], Phone No:- 0180-2569700 Ex.216